| 000 | 00484pab a2200169 454500 | ||
|---|---|---|---|
| 008 | 180718b2013 xxu||||| |||| 00| 0 eng d | ||
| 100 | _aPhilip, J. | ||
| 245 | _aHuman resources development in India: Experiments and experiences | ||
| 260 | _c2013 | ||
| 300 | _ap.43-51. | ||
| 362 | _aOct-Dec | ||
| 650 | _aHuman resources development - India | ||
| 650 | _aHuman resources development | ||
| 773 | _aIndian Journal of Training and Development | ||
| 908 | _aN | ||
| 909 | _a103679 | ||
| 999 |
_c103675 _d103675 |
||